| 000 | 00771nam a22002177a 4500 | ||
|---|---|---|---|
| 005 | 20110901141711.0 | ||
| 010 | _aG-001325 | ||
| 020 |
_a9781405335508 _c795.00 |
||
| 035 | _aG-001325 | ||
| 037 | _bGift | ||
| 082 | _a613.7046 | ||
| 100 |
_aIyengar, B.K.S. _934084 |
||
| 245 |
_aYoga wisdom and practice / _cby B.K.S. Iyengar |
||
| 260 |
_aLondon _bDorling Kindersley _c2009 |
||
| 270 |
_a80 Strand, _bLondon |
||
| 300 |
_a256p. _c25cm(Hb) |
||
| 500 | _aIncludes glossary and index | ||
| 942 |
_2ddc _cEN _mIYE _h613.7046 |
||
| 999 |
_c56155 _d56155 |
||